Az operatív és a stratégiai tervezés elméleti módszertana és a két terv közötti összefüggések vizsgálata

Bibliográfiai részletek
Szerző: Demeter Kitti
További közreműködők: Borzán Dr. Anita
Dokumentumtípus: Diplomadolgozat
Kulcsszavak:operatív tervezés
stratégiai tervezés
Kontrolling
Online Access:http://dolgozattar.uni-bge.hu/13957

MARC

LEADER 00000nta a2200000 i 4500
001 dolg13957
005 20171213082547.0
008 171213suuuu hu om 000 hun d
040 |a BGE Dolgozattár Repozitórium  |b hun 
041 |a hu 
100 1 |a Demeter Kitti 
245 1 3 |a Az operatív és a stratégiai tervezés elméleti módszertana és a két terv közötti összefüggések vizsgálata  |c Demeter Kitti  |h [elektronikus dokumentum] 
695 |a operatív tervezés 
695 |a stratégiai tervezés 
695 |a Kontrolling 
700 1 |a Borzán Dr. Anita  |e ths 
856 4 0 |u http://dolgozattar.uni-bge.hu/13957/1/Szakdolgozat.pdf  |z Dokumentum-elérés